Finish the Spongebob Quote Quiz Stats

 Plays Quiz not verified by Sporcle

Challenge
Share
Tweet
Embed
Score 0/20 Timer 06:00
0 Plays Today
Quote Sample Finished Quote % Correct
Whoever's the owner of the white sedan, ________. (Patrick)you left your lights on
80%
Now let's play a classic. Find the ________ (Sandy).hay in the needlestack
55.3%
Am i really going to defile a grave for money? ________ (Mr. Krabs)Of course I am!
52.4%
Of course i'm not sure what saving an ____ has to do with boating school. (mrs. Puff)egg
50.5%
________ is not an instrument either. (Squirdward)Horseradish
48.1%
Brush brush brush, brush brush brush, ________ (Patrick)brushing everywhere
45.1%
I'd have a few choice words for him. like you, and are, and ______! (Patrick)A JERK!
44.9%
Stupid _____ Pants! (Patrick)inflatable
43.7%
_______ na na na NA NA NA, NIGHT!!!!!!!night night night night night night night night night night night night
38%
This isn't your average darkness... _________ (Spongebob)This is advanced darkness
35.8%
Quote Sample Finished Quote % Correct
You used me.... for ________! that wasn't very nice. (Spongebob)land development
35.2%
I love fried _______. (Patrick)oyster skins
34.6%
I don't think you can be the mom, patrick, ______. (Spongebob)you never wear a shirt
33.1%
If I meant being a lifeguard meant _______ i would've never signed up. (Spongebob)guarding their lives
30.9%
I did exactly as you said, i followed all the rules! I even ate 105 black licorice ______. (Plankton)jelly beans through a straw
29%
Coin operated self-destruct. Not one of _____ (Plankton)my better ideas
29%
But don't genius live ______? (Patrick)in a lamp
28.5%
Yeah thanks i know, its got _____! (Patrick)nerves of steel!
25.6%
My pickle started out in a jar, ________. Huh, its like a pun or something, huhu. (Patrick)and now its in one again
22.3%
Crime... and punishment. Punishment... and crime. ______! (Spongebob)IN THE HALL!
19.2%

You're not logged in!

Compare scores with friends on all Sporcle quizzes.
OR
Log In

You Might Also Like...

Show Comments

Extras

Top Quizzes Today


Score Distribution

Your Account Isn't Verified!

In order to create a playlist on Sporcle, you need to verify the email address you used during registration. Go to your Sporcle Settings to finish the process.

Report this User

Report this user for behavior that violates our Community Guidelines.

Details: